000 00894nam a2200277Ia 4500
003 OSt
005 20221005022626.0
006 a|||||r|||| 00| 0
007 ta
008 221004b |||||||| |||| 00| 0 eng d
020 _a9781843346210 (pbk)
_cUSD 80.00
024 _a29190
037 _b1278, 28/02/2017, Bright Book Service
_cTextual
040 _aCRL
_cCRL
_beng
041 _2eng
_aeng
082 _a23:8, Q7
100 _aHiggins Susan Au.
_936847
245 0 _aManaging academic libraries
_b principles and practice
260 _aAmsterdam
_bChandos Publishing The Natherlands
_c2017
300 _axii,98p.
_ccm.
490 _aChandos information professional series
650 _a LIBRARY SCIENCE
650 _aACADEMIC LIBRARIES
_936115
942 _h23:8, Q7
_cTEXL
_2cc
999 _c929735
_d929735